000 00478nam a2200181Ia 4500
001 4743
005 20260306145818.0
008 260306t1997||||xx |||||||||||||| ||spa||
041 _aESP
082 _a330.015195
_bJ81 T. 1
100 _aJuan Fernández, Aránzazu de
_eAUT
245 0 _aLos valores atípicos en econometría:
_bel modelo lineal general
260 _c1997
300 _a151 páginas :
_c29 cm.
650 _aGEN
654 _aCAN
942 _cLIB
_dJUS
_fJUS
_2ddc
_n
999 _c4743
_d4743